000 00572nam a22001817a 4500
999 _c187483
_d187483
005 20220421103149.0
010 _aENG-132345
020 _a9789382396062
_c695.00
035 _aEN-115877
037 _bDBAD/PUB
082 _a891.492
100 _aGoswamy, Karuna
245 _aDiliparanjani:
_bAn 18th Century Chronicle of a Hill State in Verse/
_cKaruna Goswamy
260 _aShimla
_bIndian Institute of Advanced Study
_c2015
270 _aRashtrapati Nivas
_bShimla
300 _avii, 331p.
_bAppendix
_c24cm(hbk)
942 _2ddc
_cEN
_h891.492
_mGOS